000 00804nam a2200253Ia 4500
003 OSt
005 20220923220104.0
006 a|||||r|||| 00| 0
007 ta
008 Pun
024 _a184,133
037 _cTextual
040 _aARTS
_cARTS
_bPun
041 _2Pun
_aPun
082 _aO153,1NKIx, 152M9
100 _aजोश, सोहन सिंह, कीनीआ
_9163995
245 0 _aबदले बुझदे अख्खर
246 _aBadale buzade akhkhara
260 _aअमृतसर
_b अलका साहित्य सदन
_c1989
300 _a360 पृ0
_ccm.
650 _aपंजाबी निबंध
942 _hO153,1NKIx, 152M9
_cTEXL
_2CC
999 _c337428
_d337428